000 00578nam a22001937a 4500
999 _c6561
_d6561
003 OSt
005 20200203105017.0
008 200203b ||||| |||| 00| 0 eng d
020 _a9781844079704
040 _c040a
082 _a363.7
_bHUT 1997
100 _aHutchinson, Colin
_913500
245 _aBuilding to last:
_bthe challenge for business leaders /
_cColin Hutchinson
260 _aLondon
_bEarthscan publications
_c1997
300 _axviii, 204p;
_bill :
_c14 cm.
504 _aIncludes bibliographical references and index
650 _2Business
942 _2ddc
_cO_SHELF